| 000 | 02405nam a2200373Ia 4500 | ||
|---|---|---|---|
| 008 | 130821s1679 fr a gr lat | ||
| 040 |
_aCo-BoUCM _bspa |
||
| 041 | 0 | _alat | |
| 092 | _aE13N011 | ||
| 100 | 1 |
_aTamburini, Tomás _d1591-1675 |
|
| 245 | 1 | 0 | _aR. P. Thomae Tamburini Societatis Iesu (...) explicatio Decalogi duabus distincta partibus in qua omnes fere conscientiae casus ad decem praecepta pertinentes, mira brevitate, claritate et quantum licet, benignitate declarantur |
| 246 | 1 | 3 | _a[Explicación del Decálogo dividida en dos partes. Se tratan en ella, con brevedad, claridad y -dentro de lo posible- con benignidad, casi todos los "casos de conciencia" relacionados con los diez mandamientos] |
| 246 | 1 | 3 | _a[Método para una debida confesión y para una buena comunión] |
| 246 | 1 | 3 | _aMethodi expeditae confessionis, libri quatuor. Methodi expeditae communionis. Liber unicus. |
| 246 | 1 | 3 | _aOpuscula tria, de confessiones. De communione. De sacrificio missae. |
| 260 |
_aLion (Francia) _bSumpt. Fr. Annissoniorum et Ioan. Posuel[Hermanos Anisson y Juan Posuel] _c1679 |
||
| 300 |
_a[16], 422, [26] ; [12], 190, [17] páginas _bilustraciones |
||
| 500 | _aDetalles físicos: Encuadernación en regular estado de conservación en pergamino, manchado y deformado. Protección interna de tapas, usando hojas de libros impresas. En este caso, de un libro llamado Consultas en materia moral. Guarda delantera | ||
| 504 | _aIncluye índice. | ||
| 505 | 0 | _aIntroducción: Sobre el pecado. ; Sobre los actos voluntarios. ; Sobre la conciencia. -- Los mandamientos. ; Primer mandamiento: adorar a un solo Dios (6 capítulos). ; Segundo mandamiento: no tomar el nombre de Dios en vano (17 capítulos). ; Terc | |
| 506 | _aConsulta en sala. | ||
| 546 | _aTexto en latín. | ||
| 650 |
_aÉtica cristiana _xComunión _xObras anteriores a 1700 |
||
| 650 |
_aÉtica cristiana _xConciencia _xObras anteriores a 1700 |
||
| 650 |
_aÉtica cristiana _xConfesión _xObras anteriores a 1700 |
||
| 650 |
_aÉtica cristiana _xMandamientos de Dios _xObras anteriores a 1700 |
||
| 650 |
_aÉtica cristiana _xPecado _xObras anteriores a 1700 |
||
| 650 |
_aReligión y moral _xObras anteriores a 1700 _923513 |
||
| 650 |
_aReligión _923497 |
||
| 700 | 1 |
_aPosuel, Anisson _eimp. |
|
| 700 | 1 |
_aPosuel, Juan _eimp. |
|
| 942 |
_cLIBRO _a4 _e1 _2DEWEY _h241.52 |
||
| 999 |
_c75190 _d75190 |
||